000 00395nam a2200157Ia 4500
008 220216s9999 xx 000 0 und d
100 _aAnthony J L
245 0 _aMethods to control dryness on smallholdings
260 _bPlanters Bulletin
_c1981
300 _a37-49
650 _aRubber
650 _aTapping Panel dryness
700 _aAbraham P D
700 _aParanjothy K
942 _cJS
999 _c62881
_d62881